Pays avec le plus grand nombre de prisonniers - Statistiques

Statistiques générales
  • Ce quiz a été pris 45 fois
  • Le résultat moyen est 3 sur 7
Statistiques - réponses
Hint Réponse % Correct
629 / 100 000 Etats-Unis
95%
321 / 100 000 Russie
93%
595 / 100 000 Salvador
53%
510 / 100 000 Cuba
38%
583 / 100 000 Turkménistan
10%
434 / 100 000 Rwanda
8%
477 / 100 000 Palaos
5%
Aucun quiz correspondant
Distribution des résultats
% des personnes avec chaque résultat
Percentile par nombre de réponses
Votre historique - résultats
Vous n’avez pas pris ce quiz